00584 2200217 4500001002100000005001700021008004100038035002400079082001200103090002200115100001000137245006600147250001100213260003000224300002400254650003900278850001500317980001500332985000600347999001300353YOGYA-0209000002320520090227023741.0 ind  0010-020900000023205 a439.303 a439.303bSal KlR aSALMA aKamus umum lengkap Belanda-Indonesia Indonesia-BelandacSalma aCet. 1 aBandungbPatma Baruc1996 aiii, 266 hlmc21 cm aBahasa belanda - kamus - Indonesia aYOPDYOG(B) a02-08-2007 a1 a06A20501